000 01006nam a22003378i 4500
001 7162
003 BD-RjUL
005 20211208234356.0
008 14 t19801977nyua b 001 0 eng
020 _a046506339X :
035 _a(BD-RjUL)7204
035 _a(OCoLC)06098647
035 _aGLIS00097601
040 _aDLC
_cDLC
_dMYG
_dBD-RjUL
_beng
041 _aeng
082 0 4 _216
_a332
_bRIP 1980
099 _aHG221.R536 1980
100 1 _aRitter, Lawrence S.
_922408
245 1 0 _aPrinciples of money, banking, and financial markets /
_cLawrence S. Ritter & William L. Silber.
250 _a3d rev. and expanded ed.
260 _aNew York :
_bBasic Books,
_cc1980.
300 _axxi, 618 p. :
_bill. ;
_c27 cm.
504 _aIncludes bibliographical references and index.
650 0 _aMoney.
_922409
650 0 _aBanks and banking.
_922410
650 0 _aFinance.
_922411
700 1 _aSilber, William L.
_922412
942 _2ddc
_cBK
999 _c7162
_d7162